[Event "Windsor NAYCC U10 Girls"]
[Site "Windsor"]
[Date "2016.08.09"]
[Round "4.160"]
[White "Zhang, Wendy"]
[Black "Sivapathasundaram, Nithusa"]
[Result "1-0"]
[WhiteElo "848"]
[BlackElo "638"]
[PlyCount "39"]
[EventDate "2016.08.07"]
[EventType "swiss"]
[EventRounds "9"]
[EventCountry "CAN"]
[SourceTitle "EXT 2022"]
[Source "ChessBase"]
[SourceDate "2021.10.06"]
[SourceVersion "1"]
[SourceVersionDate "2021.10.06"]
[SourceQuality "1"]

1. e4 e5 2. Nf3 Nc6 3. Bc4 Bc5 4. 0-0 Nf6 5. d3 0-0 6. Bg5 d6 7. h3 Bd7 8. a3 h6 9. Bh4 Be6 10. Ba2 Bxa2 11. Rxa2 d5 12. Nc3 d4 13. Nd5 Be7 14. Nxe7+ Qxe7 15. Nh2 Qe6 16. Ng4 Qxa2 17. Nxf6+ gxf6 18. Qg4+ Kh8 19. Bxf6+ Kh7 20. Qg7# 1-0

[Event "Windsor NAYCC U10 Girls"]
[Site "Windsor"]
[Date "2016.08.08"]
[Round "3.156"]
[White "Sivapathasundaram, Nithusa"]
[Black "Velea, Stephanie"]
[Result "0-1"]
[WhiteElo "638"]
[BlackElo "1268"]
[PlyCount "86"]
[EventDate "2016.08.07"]
[EventType "swiss"]
[EventRounds "9"]
[EventCountry "CAN"]
[SourceTitle "EXT 2022"]
[Source "ChessBase"]
[SourceDate "2021.10.06"]
[SourceVersion "1"]
[SourceVersionDate "2021.10.06"]
[SourceQuality "1"]

1. e4 c5 2. Nf3 d6 3. Bc4 Nc6 4. Ng5 Ne5 5. d3 Nxc4 6. dxc4 Nf6 7. 0-0 h6 8. Nf3 Nxe4 9. Nc3 Nxc3 10. bxc3 g6 11. Bd2 Be6 12. Qe2 Bg7 13. Rab1 b6 14. Rfc1 Qd7 15. Kf1 Qa4 16. Qe4 Qxc4+ 17. Qxc4 Bxc4+ 18. Ke1 Bxa2 19. Rb2 Bc4 20. g3 b5 21. h4 b4 22. Rbb1 Bxc3 23. Bxc3 bxc3 24. g4 0-0 25. Rb7 e5 26. Nh2 a5 27. h5 gxh5 28. gxh5 a4 29. Ng4 Kg7 30. Ra1 a3 31. Rbb1 a2 32. Rd1 Rfb8 33. Ne3 Be6 34. Ke2 d5 35. Kd3 e4+ 36. Kxc3 d4+ 37. Kd2 dxe3+ 38. Kxe3 Kf6 39. Kxe4 Rd8 40. Rxd8 Rxd8 41. Ke3 Rb8 42. Kd3 Rb1 43. Rxb1 axb1Q 0-1

[Event "Canadian op U1200"]
[Site "Windsor"]
[Date "2016.07.17"]
[Round "9.62"]
[White "Periappuram, Anya"]
[Black "Sivapathasundaram, Nithusa"]
[Result "0-1"]
[WhiteElo "344"]
[BlackElo "638"]
[PlyCount "64"]
[EventDate "2016.07.10"]
[EventType "swiss"]
[EventRounds "9"]
[EventCountry "CAN"]
[SourceTitle "EXT 2022"]
[Source "ChessBase"]
[SourceDate "2021.10.06"]
[SourceVersion "1"]
[SourceVersionDate "2021.10.06"]
[SourceQuality "1"]

1. e4 e5 2. Nc3 Nf6 3. Nf3 Nc6 4. Bc4 Bc5 5. d3 0-0 6. 0-0 d6 7. Be3 Bxe3 8. fxe3 Bg4 9. Qe1 Bxf3 10. gxf3 Na5 11. Qf2 Nxc4 12. Rad1 Nxb2 13. Rd2 Qe7 14. Re1 Qe6 15. Nd5 Nxd5 16. exd5 Qxd5 17. Rde2 Qxa2 18. Qf1 Rfe8 19. Rc1 d5 20. Kf2 e4 21. Ree1 exd3 22. cxd3 Rad8 23. Re2 d4 24. Rxb2 Qxb2+ 25. Ke1 Qxc1+ 26. Kf2 dxe3+ 27. Kg3 Qxf1 28. Kh4 Qxf3 29. Kg5 Rxd3 30. Kh4 Qg2 31. h3 Re4+ 32. Kh5 Rd5# 0-1

[Event "Toronto NAYCC U08 Girls"]
[Site "Toronto"]
[Date "2013.08.17"]
[Round "6"]
[White "Radin, Paige"]
[Black "Sivapathasundaram, Nithusa"]
[Result "1-0"]
[WhiteElo "657"]
[BlackElo "533"]
[PlyCount "35"]
[EventDate "2013.08.14"]
[EventType "swiss"]
[EventRounds "9"]
[EventCountry "CAN"]
[SourceTitle "EXT 2022"]
[Source "ChessBase"]
[SourceDate "2021.10.06"]
[SourceVersion "1"]
[SourceVersionDate "2021.10.06"]
[SourceQuality "1"]

1. e4 e5 2. Nf3 Nc6 3. Nc3 Nf6 4. Bc4 d6 5. d3 Bg4 6. Bg5 d5 7. exd5 Na5 8. Qe2 Bb4 9. 0-0 0-0 10. a3 Bc5 11. b4 Nxc4 12. dxc4 Bxf2+ 13. Rxf2 Ne4 14. Bxd8 Nxf2 15. Qxf2 Raxd8 16. Ng5 c6 17. Qh4 cxd5 18. Qxh7# 1-0